000
00319nam a2200133Ia 4500
005
20251222144623.0
008
251222s9999||||xx |||||||||||||| ||spa||
020
_a
970-613-491-3
082
_a
658/O83
100
_a
Ostroff, Frank
245
0
_a
La Organización Horizontal:
264
_b
Oxford México
942
_c
LIB
999
_c
16021
_d
16021